Statistics for Country Creation Puzzle #3

Click here to take the quiz!

General Stats

  • This quiz has been taken 37 times
  • The average score is 11 of 16

Answer Stats

Country % Correct
Germany
94%
Belgium
84%
Algeria
81%
Ukraine
81%
Albania
77%
Austria
74%
Belarus
74%
Bahrain
68%
Bahamas
65%
Grenada
65%
Moldova
65%
Ecuador
61%
Lesotho
61%
Liberia
61%
Lebanon
55%
Senegal
55%

Score Distribution

Percentile by Number Answered

Percent of People with Each Score

Your Score History

You have not taken this quiz